|
|
|
|
| LEADER |
00893cam a2200217 7i4500 |
| 001 |
0000029353 |
| 005 |
20230721090000.0 |
| 008 |
100810 eng |
| 020 |
|
|
|a 9780521869751 (hbk.)
|
| 020 |
|
|
|a 0521869757 (hbk.)
|
| 090 |
0 |
0 |
|a HD30.4
|b .C53 2006
|
| 100 |
1 |
|
|a Clawson, James G. S
|
| 245 |
1 |
0 |
|a Teaching management :
|b a field guide for professors, corporate trainers, and consultants
|c James G.S. Clawson and Mark E. Haskins.
|
| 260 |
|
|
|a Cambridge, Eng.:
|b Cambridge University Press,
|c 2006.
|
| 300 |
|
|
|a xiv, 494 p.:
|b ill.;
|c 23 cm.
|
| 504 |
|
|
|a Includes bibliographical references and index
|
| 650 |
0 |
0 |
|a Management --
|x Study and teaching (Higher)
|
| 700 |
1 |
|
|a Haskins, Mark E
|
| 997 |
|
|
|a Education & Social Sciences, Faculty
|b Language Education, Department
|
| 998 |
|
|
|a Education (TESL), Degree
|
| 999 |
|
|
|a 0000039952
|b BOK
|c OPEN SHELF
|e 1st Floor, Bestari Jaya
|